Song Text Wissen - Statistiken

Allgemein
  • Dieses Quiz wurde 242 mal gespielt
  • Das Durchschnittsergebnis liegt bei 124 aus 241
Antwortstatistiken
Antwort % Korrekt
ich
93%
du
88%
da
87%
es
83%
der
82%
ein
81%
das
80%
so
77%
wie
77%
war
76%
ist
74%
die
73%
und
73%
Griechischer
69%
griechischer
69%
wein
69%
den
68%
mir
68%
komm
64%
schenk
64%
erde
61%
als
60%
blut
59%
schon
59%
für
58%
man
56%
sie
56%
Dunkel
55%
ging
55%
noch
55%
wenn
55%
dass
54%
werde
54%
dann
52%
von
51%
auf
50%
dir
50%
durch
50%
mich
50%
mit
50%
traurig
49%
immer
48%
licht
48%
daran
47%
liegt
45%
aus
44%
dem
44%
heimwärts
44%
sein
44%
daheim
43%
in
43%
kalt
42%
Träume
41%
träume
41%
Vorstadtstraßen
41%
einer
40%
fremd
40%
haar
40%
musik
40%
sah
40%
schien
40%
lud
39%
allein
38%
augen
38%
männer
38%
wirtshaus
38%
Gehsteig
37%
mal
37%
südlich
36%
trat
36%
zeit
36%
drum
35%
saßen
35%
stand
35%
hatte
34%
jukebox
34%
schwarzem
34%
braunen
33%
nur
33%
nochmal
32%
wieder
32%
erklang
31%
lieder
31%
Stadt
31%
stadt
31%
denn
29%
dieser
29%
nie
28%
sehnsucht
27%
fremder
26%
sind
26%
altvertrauten
23%
kind
20%
meer
19%
mehr
19%
erzählten
18%
frauen
18%
hier
18%
keiner
18%
glück
17%
seinen
17%
sich
17%
vater
17%
jungen
16%
alleine
15%
alten
15%
grünen
14%
wind
14%
zurück
14%
ersparte
13%
geht
13%
hügeln
13%
kleines
13%
denkt
12%
genügt
12%
zuhause
12%
sagten
11%
bald
9%
Häusern
9%
must
7%
irgenwann
2%
werd´
2%
fühl´
1%
verzeih´n
1%
Keine übereinstimmenden Quizze gefunden
Verteilung der Resultate
Anzahl Personen mit jedem Resultat
Perzentil nach korrekt beantworteten Fragen
Ihre Resultats-Entwicklung
Sie haben dieses Quiz noch nicht gespielt